| 000 | 02372nam a22003614a 4500 | ||
|---|---|---|---|
| 001 | ebr10301493 | ||
| 003 | CaPaEBR | ||
| 006 | m u | ||
| 007 | cr cn||||||||| | ||
| 008 | 070917s2008 enka sb 001 0 eng | ||
| 010 | _z 2007038528 | ||
| 015 |
_aGBA784747 _2bnb |
||
| 016 | 7 |
_z101316755 _2DNLM |
|
| 016 | 7 |
_z014101396 _2Uk |
|
| 020 | _z9781405124362 (hardcover : alk. paper) | ||
| 020 | _z1405124369 (hardcover : alk. paper) | ||
| 040 |
_aCaPaEBR _cCaPaEBR |
||
| 035 | _a(OCoLC)317778969 | ||
| 041 | 0 | _aeng | |
| 050 | 1 | 4 |
_aQD476.2 _b.A44 2008eb |
| 082 | 0 | 4 |
_a572/.43 _222 |
| 100 | 1 | _aAllen, James P. | |
| 245 | 1 | 0 |
_aBiophysical chemistry _h[electronic resource] / _cJames P. Allen. |
| 260 |
_aOxford ; _aHoboken, NJ : _bWiley-Blackwell Pub., _c2008. |
||
| 300 |
_axvi, 492 p. : _bcol. ill. |
||
| 504 | _aIncludes bibliographical references and index. | ||
| 505 | 0 | _aBasic thermodynamic and biochemical concepts -- Pt. 1. Thermodynamics and kinetics. First law of thermodynamics ; Second law of thermodynamics ; Phase diagrams, mixtures, and chemical potential ; Equilibria and reactions involving protons ; Oxidation/reduction reactions and bioenergetics ; Kinetics and enzymes ; The Boltzmann distribution and statistical thermodynamics -- Pt. 2. Quantum mechanics and spectroscopy. Quantum theory: introduction and principles ; Particle in a box and tunneling ; Vibrational motion and infrared spectroscopy ; Atomic structure: hydrogen atom and multi-electron atoms ; Chemical bonds and protein interactions ; Electronic transitions and optical spectroscopy ; X-ray diffraction and extended x-ray absorption fine structure ; Magnetic resonance -- Pt. 3. Understanding biological systems using physical chemistry. Signal transduction ; Membrane potentials, transporters, and channels ; Molecular imaging ; Photosynthesis -- Answers to problems -- Fundamental constants -- Conversion factors for energy units -- The periodic table. | |
| 533 |
_aElectronic reproduction. _bPalo Alto, Calif. : _cebrary, _d2013. _nAvailable via World Wide Web. _nAccess may be limited to ebrary affiliated libraries. |
||
| 650 | 0 | _aPhysical biochemistry. | |
| 655 | 7 |
_aElectronic books. _2local |
|
| 710 | 2 | _aebrary, Inc. | |
| 856 | 4 | 0 |
_uhttp://site.ebrary.com/lib/rucke/Doc?id=10301493 _zAn electronic book accessible through the World Wide Web; click to view |
| 999 |
_c67515 _d67515 |
||